Thermal physics / (Record no. 29743)
[ view plain ]
| 000 -LEADER | |
|---|---|
| fixed length control field | 00873 a2200205 4500 |
| 020 ## - INTERNATIONAL STANDARD BOOK NUMBER | |
| International Standard Book Number | 0805372024 |
| 022 ## - INTERNATIONAL STANDARD SERIAL NUMBER | |
| International Standard Serial Number | 9780805372021 |
| 082 ## - DEWEY DECIMAL CLASSIFICATION NUMBER | |
| Classification number | 536.7 |
| 090 ## - LOCALLY ASSIGNED LC-TYPE CALL NUMBER (OCLC); LOCAL CALL NUMBER (RLIN) | |
| -- | 1128 |
| -- | 1128 |
| 100 1# - MAIN ENTRY--PERSONAL NAME | |
| Personal name | Morse, Philip M. |
| 245 10 - TITLE STATEMENT | |
| Title | Thermal physics / |
| Statement of responsibility, etc. | Philip M. Morse, equations Diagrams. |
| 260 ## - PUBLICATION, DISTRIBUTION, ETC. | |
| Place of publication, distribution, etc. | [S.l.] : |
| Name of publisher, distributor, etc. | W. A. Benjamin Inc., |
| Date of publication, distribution, etc. | 1962. |
| 300 ## - PHYSICAL DESCRIPTION | |
| Extent | 455 p. : |
| Other physical details | col. ill. ; |
| Dimensions | 24 cm. |
| 500 ## - GENERAL NOTE | |
| General note | Import. |
| 700 1# - ADDED ENTRY--PERSONAL NAME | |
| Personal name | Morse, Philip M. |
| 942 ## - ADDED ENTRY ELEMENTS (KOHA) | |
| Institution code [OBSOLETE] | SNS |
| Koha item type | Book |
| Call number prefix | 536.7 MOR |
| Withdrawn status | Lost status | Source of classification or shelving scheme | Damaged status | Not for loan | Permanent Location | Current Location | Shelving location | Date acquired | Full call number | Barcode | Date last seen | Price effective from | Koha item type | Total Checkouts | Date last checked out |
|---|---|---|---|---|---|---|---|---|---|---|---|---|---|---|---|
| Not For Loan | School of Natural Sciences (SNS) | School of Natural Sciences (SNS) | Reference | 05/26/2016 | 536.7 MOR | SNS0001636 | 12/26/2017 | 05/26/2016 | Book | ||||||
| School of Natural Sciences (SNS) | School of Natural Sciences (SNS) | 05/26/2016 | 536.7 MOR | SNS0001770 | 01/15/2019 | 05/26/2016 | Book | 1 | 01/15/2019 | ||||||
| School of Natural Sciences (SNS) | School of Natural Sciences (SNS) | 05/26/2016 | 536.7 MOR | SNS0001771 | 09/13/2022 | 05/26/2016 | Book | 2 | 06/07/2017 |
